Finite mathematics : with applications (Record no. 63526)
[ view plain ]
| 000 -LEADER | |
|---|---|
| fixed length control field | 00549nam a22001937a 4500 |
| 003 - CONTROL NUMBER IDENTIFIER | |
| control field | NUST - PNEC |
| 005 - DATE AND TIME OF LATEST TRANSACTION | |
| control field | 20170116180816.0 |
| 008 - FIXED-LENGTH DATA ELEMENTS--GENERAL INFORMATION | |
| fixed length control field | 150522b xxu||||| |||| 00| 0 eng d |
| 020 ## - INTERNATIONAL STANDARD BOOK NUMBER | |
| International Standard Book Number | 0070088616 |
| 040 ## - CATALOGING SOURCE | |
| Transcribing agency | LIBRARY |
| 082 ## - DEWEY DECIMAL CLASSIFICATION NUMBER | |
| Classification number | 510 BUD |
| 100 ## - MAIN ENTRY--PERSONAL NAME | |
| 9 (RLIN) | 3676 |
| Personal name | Budnick, Frank S. |
| 245 ## - TITLE STATEMENT | |
| Title | Finite mathematics : with applications |
| Statement of responsibility, etc. | Frank S. Budnick |
| 250 ## - EDITION STATEMENT | |
| Edition statement | International student edition |
| 260 ## - PUBLICATION, DISTRIBUTION, ETC. | |
| Place of publication, distribution, etc. | New York |
| Name of publisher, distributor, etc. | McGraw-Hill Book Company |
| Date of publication, distribution, etc. | c1985. |
| 300 ## - PHYSICAL DESCRIPTION | |
| Extent | Various pages |
| 650 ## - SUBJECT ADDED ENTRY--TOPICAL TERM | |
| 9 (RLIN) | 3677 |
| Topical term or geographic name entry element | Mathematics |
| General subdivision | ME / EE |
| 942 ## - ADDED ENTRY ELEMENTS (KOHA) | |
| Source of classification or shelving scheme | |
| Koha item type | Book |
| Withdrawn status | Lost status | Source of classification or shelving scheme | Damaged status | Not for loan | Permanent Location | Current Location | Shelving location | Date acquired | Source of acquisition | Cost, normal purchase price | Total Checkouts | Full call number | Barcode | Date last seen | Cost, replacement price | Price effective from | Koha item type |
|---|---|---|---|---|---|---|---|---|---|---|---|---|---|---|---|---|---|
| Pakistan Navy Engineering College (PNEC) | Pakistan Navy Engineering College (PNEC) | 12/26/1989 | Paramount Publishing Enterprise / Library / Reference Grant | 263.89 | 510 BUD | PNECLIB-013248 | 05/22/2015 | 263.89 | 12/26/1989 | Book | |||||||
| Pakistan Navy Engineering College (PNEC) | Pakistan Navy Engineering College (PNEC) | 06/19/1990 | Paramount Books/Library/Reference Grant | 222.60 | 510 BUD | PNECLIB-013079 | 06/08/2015 | 222.60 | 06/19/1990 | Book | |||||||
| Pakistan Navy Engineering College (PNEC) | Pakistan Navy Engineering College (PNEC) | 07/09/1994 | Progressive agency/Library/Reference Grant | 375.99 | 510 BUD | PNECLIB-017579 | 06/08/2015 | 375.99 | 07/09/1994 | Book | |||||||
| Pakistan Navy Engineering College (PNEC) | Pakistan Navy Engineering College (PNEC) | 510 BUD | PNECLIB-013871 | 08/20/2015 | Book |
